000 00911cpm a22002175a 4500
001 L139918
008 070820s2005 my f 000 0 eng d
035 _a(Sirsi) u139918
041 0 _aeng
050 0 4 _a692.8 $2 18
111 2 _aConstruction industry payment act and adjudication
_cKuala Lumpur, Malaysia
_d13-14 September 2005
245 0 0 _aConstruction industry payment act and adjudication
_ba small step towards zero payment-default but a giant leap towards greater efficiency
_h[electronic resource]
260 l _a[S.l.]
_b[s.n.]
_c2005
300 _a1
_fCD-ROM
505 2 _aPhotographs -- Conference papers
520 _aProceedings of the internation forum on the Construction Industry Payment Act and Adjudication
650 2 4 _aCONSTRUCTION INDUSTRY PAYMENT ACT
651 4 _aMalaysia
_y1965
690 _aBUILT ENVIRONMENT-construction management-building contract administration
942 _n0
999 _c85447
_d85447